Normal view
MARC view
- War photographers.
Entry Topical Term
001 - CONTROL NUMBER
- control field: 86269
003 - CONTROL NUMBER IDENTIFIER
- control field: OSt
005 - DATE AND TIME OF LATEST TRANSACTION
- control field: 20250430081655.0
008 - FIXED-LENGTH DATA ELEMENTS
- fixed length control field: 250430|| aca||aabn | a|a d
040 ## - CATALOGING SOURCE
- Original cataloging agency: OSt
- Transcribing agency: OSt
150 ## - HEADING--TOPICAL TERM
- Topical term or geographic name as entry element: War photographers.
- Geographic subdivision: Australia
670 ## - SOURCE DATA FOUND
- Source citation: Work cat.: (OSt)48881: Koch, Christopher J. 86267, Highways to a war / , 1997.